Największe transfery sezonu 2012/13. - Statystyki

Ogólne statystyki
  • Ten quiz został rozwiązany 89 razy
  • Średni wynik to 7 z 10
Statystyki odpowiedzi
# Piłkarz Narodowość Klub oddający Kwota transferu Klub pozyskujący % Poprawnych
6 Luka Modric
35,00 mln €
96%
7 Eden Hazard
35,00 mln €
89%
1 Thiago Silva
42,00 mln €
84%
10 Robin van Persie
30,70 mln €
79%
4 Hulk
40,00 mln €
78%
3 Javi Martínez
40,00 mln €
68%
9 Oscar
32,00 mln €
62%
5 Axel Witsel
40,00 mln €
52%
2 Lucas Moura
40,00 mln €
50%
8 Willian
35,00 mln €
32%
Nie znaleziono quizów pasujących do podanych kryteriów
Rozkład punktacji
Procent ludzi z każdym wynikiem
Percentyl według liczby udzielonych odpowiedzi
Twoja historia wyników
Nie rozwiązałeś tego quizu